<?xml version="1.0" encoding="UTF-8"?>
<record
    xmlns:xsi="http://www.w3.org/2001/XMLSchema-instance"
    xsi:schemaLocation="http://www.loc.gov/MARC21/slim http://www.loc.gov/standards/marcxml/schema/MARC21slim.xsd"
    xmlns="http://www.loc.gov/MARC21/slim">

  <leader>00636nam a22001697a 4500</leader>
  <controlfield tag="005">20260218155746.0</controlfield>
  <controlfield tag="008">260218b        |||||||| |||| 00| 0 eng d</controlfield>
  <datafield tag="020" ind1=" " ind2=" ">
    <subfield code="a">9789387791336</subfield>
  </datafield>
  <datafield tag="040" ind1=" " ind2=" ">
    <subfield code="c">VITAP</subfield>
  </datafield>
  <datafield tag="082" ind1=" " ind2=" ">
    <subfield code="2">23</subfield>
    <subfield code="a">294.5092 VEN</subfield>
  </datafield>
  <datafield tag="100" ind1=" " ind2=" ">
    <subfield code="a">Venkataramanan, Geetha Ed.</subfield>
    <subfield code="9">17124</subfield>
  </datafield>
  <datafield tag="245" ind1=" " ind2=" ">
    <subfield code="a">Embodiment of  Truth Volume 1</subfield>
    <subfield code="b">: Kanchi Mahaswami</subfield>
    <subfield code="c">/ Geetha Venkataramanan</subfield>
  </datafield>
  <datafield tag="260" ind1=" " ind2=" ">
    <subfield code="a">Chennai</subfield>
    <subfield code="b">THG Publishing Pvt Ltd.</subfield>
    <subfield code="c">2024</subfield>
  </datafield>
  <datafield tag="300" ind1=" " ind2=" ">
    <subfield code="a">192p, ill.: 30cm</subfield>
  </datafield>
  <datafield tag="650" ind1=" " ind2="0">
    <subfield code="a">Early Life &amp; Spiritual Calling, Role as Shankaracharya, Advaita Vedanta Philosophy, Dharma &amp; Righteous Living, Religious Discourses etc.</subfield>
    <subfield code="9">17125</subfield>
  </datafield>
  <datafield tag="942" ind1=" " ind2=" ">
    <subfield code="2">ddc</subfield>
    <subfield code="c">REF</subfield>
  </datafield>
  <datafield tag="999" ind1=" " ind2=" ">
    <subfield code="c">47294</subfield>
    <subfield code="d">47294</subfield>
  </datafield>
  <datafield tag="952" ind1=" " ind2=" ">
    <subfield code="0">0</subfield>
    <subfield code="1">0</subfield>
    <subfield code="2">ddc</subfield>
    <subfield code="3">Paper Back</subfield>
    <subfield code="4">0</subfield>
    <subfield code="7">1</subfield>
    <subfield code="8">REF</subfield>
    <subfield code="a">VSB</subfield>
    <subfield code="b">VITAP</subfield>
    <subfield code="c">REF</subfield>
    <subfield code="d">2026-01-12</subfield>
    <subfield code="e">The Hindu Group of Publications</subfield>
    <subfield code="g">399.00</subfield>
    <subfield code="i">9001173329</subfield>
    <subfield code="l">0</subfield>
    <subfield code="o">294.5092 VEN</subfield>
    <subfield code="p">025505</subfield>
    <subfield code="r">2026-02-18 15:59:06</subfield>
    <subfield code="v">399.00</subfield>
    <subfield code="w">2026-01-12</subfield>
    <subfield code="y">REF</subfield>
    <subfield code="z">GEN</subfield>
  </datafield>
</record>
